Na štrbskom maratóne štartoval rekordný počet bežcov

Podrobná bibliografia
Ďalší autori: Pitoňák, Ľuboš (Fotograf)
Médium: Článok
Jazyk:slovenčina
Fyzický popis:Fotogr.
ISSN:1210-2423
Predmet:

MARC

LEADER 00000nab a2200000 ar4500
001 vtls010549999
003 SK-MaSNL
005 20260303114459.0
008 131011c2013 xo wr|p|||||||000 b|slo
038 |a PPPK 
040 |a PPPKCL  |b slo  |c PPPKCL  |e AACR2 
041 0 |a slo 
044 |a xo  |c SK 
080 |a 796.422.093  |2 2001 
080 |a 796.422.16  |2 2001 
245 0 0 |a Na štrbskom maratóne štartoval rekordný počet bežcov  |c [text a foto] (red) ; Snímky: Ľuboš PITOŇÁK, (bšl) 
300 |b Fotogr. 
611 2 7 |a Malý štrbský maratón  |n (36. :  |d 2013 :  |c Štrba, Slovensko)  |2 pppkcl  |9 1129143 
648 7 |a 14.7.2013  |2 pppkcl  |9 1129144 
650 0 7 |a beh  |2 pppkcl  |9 3281 
650 0 7 |a bežecké preteky  |2 pppkcl  |9 31134 
650 0 7 |a maratón  |2 pppkcl  |9 22999 
651 7 |a Štrba (Slovensko)  |2 pppkcl  |9 56257 
700 1 |a Pitoňák, Ľuboš  |4 pht  |9 765060 
773 0 |t Podtatranské noviny  |g Roč. LIV, č. 29 (2013), s. 8  |x 1210-2423 
852 |a PPPK  |b KIS3GCP 
999 |c 1898505  |d 1900435